Welcome to WEB OPAC of MRSPTU Central Library

HVAC equations, data, and rules of thumb (Record no. 6440)

MARC details
000 -LEADER
fixed length control field 00485nam a2200181Ia 4500
008 - FIXED-LENGTH DATA ELEMENTS--GENERAL INFORMATION
fixed length control field 230711s9999||||xx |||||||||||||| ||und||
020 ## - INTERNATIONAL STANDARD BOOK NUMBER
International Standard Book Number 978-0-07-182959-5
041 ## - LANGUAGE CODE
Language code of text/sound track or separate title ENG
082 ## - DEWEY DECIMAL CLASSIFICATION NUMBER
Classification number 697.00151
Item number BE-H
100 ## - MAIN ENTRY--PERSONAL NAME
Personal name Bell, Arthur A.
245 #0 - TITLE STATEMENT
Title HVAC equations, data, and rules of thumb
250 ## - EDITION STATEMENT
Edition statement 23th Ed.
260 ## - PUBLICATION, DISTRIBUTION, ETC.
Date of publication, distribution, etc. 2016
Place of publication, distribution, etc. New Delhi
Name of publisher, distributor, etc. McGraw Hill Education(India) Private Limited
300 ## - PHYSICAL DESCRIPTION
Extent 636p.
650 ## - SUBJECT ADDED ENTRY--TOPICAL TERM
Topical term or geographic name entry element Architecture
700 ## - ADDED ENTRY--PERSONAL NAME
Personal name Angel,W.Larsen
942 ## - ADDED ENTRY ELEMENTS (KOHA)
Koha item type Book
Holdings
Withdrawn status Lost status Damaged status Not for loan Collection Home library Current library Date acquired Cost, normal purchase price Inventory number Total checkouts Full call number Barcode Date last seen Price effective from Koha item type
          MRSPTU Central Library MRSPTU Central Library   80.00 KBD/2017-2018/1018343059   697.00151 BE-H 38400 08/17/2023 08/17/2023 Book

Website Designed and Developed by MRSPTU Central Library Team

E-mail Id: librarian@mrsptu.ac.in